| 000 | 00502nam a2200181Ia 4500 | ||
|---|---|---|---|
| 003 | GCL | ||
| 008 | 140319s9999 xx 000 0 eng d | ||
| 040 |
_aGCL / _cGCL |
||
| 082 | 0 | 4 |
_a613 _bB C |
| 100 | 1 | _aBAUMGARTNER, TED | |
| 245 | 1 | 0 |
_aCONDUCTING AND READING RESEARCH IN HEALTH AND HUMAN PERFORMANCE / _cBAUMGARTNER, TED |
| 700 | 1 | _aSTRONG, CLINTON H. | |
| 260 |
_a[S.N] : _bBROWN & BENCHMARK ، _c1994 |
||
| 300 | _a330 P | ||
| 650 | 0 | 4 | _aHEALTH |
| 650 | 0 | 4 | _aREADING RESEARCH |
| 942 |
_2ddc _cBK |
||
| 999 |
_c11808 _d11808 |
||